00877nam a22001937a 450000500170000000800410001702000330005805000280009110000290011924500930014825000170024126000630025830000590032150000520038050501610043265000340059370000280062770000280065520231102152009.0160512s2014 nyua|||| |||| 00| 0 eng d a9781107627949 (full contact) 4aPE1128.A2bM33 2014 v.31 aMccarthy, Michaeleautor10aTouchstoneb : Student’s Book 3c/ Michael McCarthy, Jeanne McCarten, Helen Sandiford  a2nd. edition3 aNew York State : USAb: Cambridge University Pressc, 2014 aviii, 320 páginasb: ilustracionese+ CD-ROM 120 mm. aTítulo en portada: Touchstone: full contact 31 aThe way we are Experiences Wonders of the world Family life Food choices Managing life Relationships What if? Tech savvy? What's up? Impressions In the news14aINGLESxESTUDIO Y ENSEÑANZA1 aMcCarten, Jeanneeautor1 aSandiford, Heleneautor